00549nam a2200157Ia 4500008004100000082001800041100002200059245007300081250000800154260002600162300001000188650002200198942001200220952014400232999001500376150201s2010 xx 000 0 und d a617.6bP2010C aCHITGUPPI, RAJEEV aPGDEE (POST GRADUATE DENTAL ENTRANCE EXAMINATION ) CLINICAL SCIRNCES a1ST bELSEVIERaDELHIc2010 a1-675 aGENERAL DENTISTRY 2ddccBK 00102ddc4070aFDbFDd2010-01-20eCOMPg650.00h2iSGTUl2o617.6 P2010CpFD6056r2021-06-14 00:00:00s2021-04-19w2013-03-22yBKkQB301 c4465d4465